La naturaleza de la conciencia: cerebro, mente y lenguaje
I tiakina i:
| Ngā kaituhi matua: | , , , |
|---|---|
| Hōputu: | Pukapuka |
| Reo: | Pāniora |
| I whakaputaina: |
Barcelona
Paidós Ibérica
2008
|
| Rangatū: | Paidós Transiciones, 72
|
| Ngā marau: | |
| Ngā Tūtohu: |
Tāpirihia he Tūtohu
Kāore He Tūtohu, Me noho koe te mea tuatahi ki te tūtohu i tēnei pūkete!
|
MARC
| LEADER | 00000nam a2200000 a 4500 | ||
|---|---|---|---|
| 001 | UCG4543 | ||
| 003 | CL-VaPUC | ||
| 008 | 101111e20080000SP |||||||||||||||||spa|d | ||
| 020 | |a 9788449321320 | ||
| 082 | 0 | 4 | |a 612.82 |b BEN |2 21 |
| 100 | 0 | |a Bennett, Maxwell |e author |9 553873 | |
| 700 | 0 | |a Dennett, Daniel |e author |9 553874 | |
| 700 | 0 | |a Hacker, Peter |e author |9 553875 | |
| 700 | 0 | |a Searle, John |e author |9 553307 | |
| 245 | 1 | 3 | |a La naturaleza de la conciencia: cerebro, mente y lenguaje |
| 300 | |a 269 p | ||
| 942 | |c BK | ||
| 945 | |d 20101111 00:00:00 |a mfarfan | ||
| 260 | |a Barcelona |b Paidós Ibérica |c 2008 | ||
| 650 | 0 | |a Neurociencias |9 424346 | |
| 650 | 0 | |a Filosofía |9 223554 | |
| 650 | 0 | |a Neuropsicología |9 270837 | |
| 583 | |a last modification |c 20101111 00:00:00 |k Rodrigo Vera | ||
| 490 | 0 | |a Paidós Transiciones, 72 | |
| 999 | |c 343241 |d 343239 | ||
| 952 | |0 0 |1 0 |4 0 |6 612_820000000000000_BEN_2008 |7 0 |8 A |9 440376 |a BIBEDU |b BIBEDU |d 2019-11-22 |i 4732545 |o 612.82 BEN 2008 |p 4732545 |r 2019-11-22 |w 2019-11-22 |y BK |k EPE | ||